• 首页
  • 本馆介绍
  • 公告通知
  • 最新文献
  • 馆藏检索
  • 电子资源
  • 读者导购
  • 参考咨询
  • 我的图书馆
  • 登录
  • 详细信息显示
  • 放入我的书架
  • 预约/预借图书
  • 作者相关作品
  • 分类相关作品
  • 丛书相关作品
  • 出版社相关作品

书目信息

  • 表格格式
  • 工作单格式
  • 卡片格式
题名:
数据结构
    
 
作者: 叶核亚 编著
分册:  
出版信息: 北京   电子工业出版社  2015.7
页数: 11,327页
开本: 26cm
丛书名:
单 册:
中图分类: TP311.12-43 , TP312JA-43
科图分类:
主题词: 数据结构--JAVA语言--程序设计--高等学校--教材
电子资源:
ISBN: 978-7-121-26188-6
000 00929nam0 2200277 450
001 0400001795
005 20171025165436.40
010    @a978-7-121-26188-6@dCNY45.00
100    @a20150920e20172015em y0chiy50 ea
101 0  @achi
102    @aCN@b110000
105    @ay az 000yy
106    @ar
200 1  @a数据结构@9shu ju jie gou@eJava版@f叶核亚编著
205    @a第4版
210    @a北京@c电子工业出版社@d2015.7@h2017.5
215    @a11,327页@d26cm
307    @a实际页数为:328
320    @a有书目(第328页)
330    @a本书全面系统地介绍数据结构的基础理论和算法设计方法,包括线性表、树、图等数据结构以及查找和排序算法。本书采用Java语言以面向对象方法设计并实现了全部的数据结构及算法。
606 0  @a数据结构@xJAVA语言@x程序设计@x高等学校@j教材
690    @aTP311.12-43@v5
690    @aTP312JA-43@v5
701  0 @a叶核亚@9ye he ya@4编著
801  0 @aCN@b91MARC@c20171019
905    @b1030671-5@dTP311.12-43@f5@e1138=4
    
    数据结构:Java版/叶核亚编著.-第4版.-北京:电子工业出版社,2015.7(2017.5)
    11,327页;26cm
    
    
    ISBN 978-7-121-26188-6:CNY45.00
    本书全面系统地介绍数据结构的基础理论和算法设计方法,包括线性表、树、图等数据结构以及查找和排序算法。本书采用Java语言以面向对象方法设计并实现了全部的数据结构及算法。
●
相关链接 在E读中查询图书 在五车中查询图书 在当当中查询图书 在豆瓣中查询图书


正题名:数据结构     索取号:TP311.12-43/1138=4         预约/预借

序号 登录号 条形码 馆藏地/架位号 状态 备注
1 1030671   210306710   第二样本阅览室/ [索取号:TP311.12-43/1138=4] 在馆    
2 1030672   210306729   密集书库—计算机科学学院/ [索取号:TP311.12-43/1138=4] 在馆    
3 1030673   210306738   第三借阅区/ [索取号:TP311.12-43/1138=4] 在馆    
4 1030674   210306747   第三借阅区/ [索取号:TP311.12-43/1138=4] 在馆    
5 1030675   210306756   第三借阅区/ [索取号:TP311.12-43/1138=4] 在馆    
唐山师范学院图书馆 欢迎您!
大连网信软件有限公司© 版权所有